Economics for engineers (Record no. 14553)

000 -LEADER
fixed length control field 00418nam a22001577a 4500
008 - FIXED-LENGTH DATA ELEMENTS--GENERAL INFORMATION
fixed length control field 190429b xxu||||| |||| 00| 0 eng d
020 ## - INTERNATIONAL STANDARD BOOK NUMBER
International Standard Book Number 9789381420256
082 ## - DEWEY DECIMAL CLASSIFICATION NUMBER
Edition number 23
Classification number 330.18
Item number JAI
100 ## - MAIN ENTRY--PERSONAL NAME
Personal name Jain, T. R.
245 ## - TITLE STATEMENT
Title Economics for engineers
250 ## - EDITION STATEMENT
Edition statement 1st ed.
260 ## - PUBLICATION, DISTRIBUTION, ETC. (IMPRINT)
Place of publication, distribution, etc. New Delhi
Name of publisher, distributor, etc. VK Global Publications Pvt. Ltd.
Date of publication, distribution, etc. 2014
300 ## - PHYSICAL DESCRIPTION
Extent 30p.;
Dimensions 24cm.
650 ## - SUBJECT ADDED ENTRY--TOPICAL TERM
Source of heading or term Economics
Topical term or geographic name as entry element Economics
942 ## - ADDED ENTRY ELEMENTS (KOHA)
Source of classification or shelving scheme
Koha item type Books
Holdings
Withdrawn status Lost status Source of classification or shelving scheme Materials specified (bound volume or other part) Damaged status Not for loan Collection code Permanent location Current location Shelving location Date acquired Coded location qualifier Cost, normal purchase price Full call number Barcode Date last seen Uniform Resource Identifier Price effective from Koha item type
      PB     Economics Section Maulana Azad Central Library Maulana Azad Central Library General Stacks 2019-04-29 ECO 300.00 330.18 JAI 57537 2019-04-29 http://www.vkpublications.com 2019-04-29 Books
      PB     Economics Section Maulana Azad Central Library Maulana Azad Central Library General Stacks 2019-05-06 ECO 300.00 330.18 JAI 57483 2019-05-06 http://www.vkpublications.com 2019-05-06 Books

Copyright @ USTM
Techno City, Kiling Road, Baridua, 9th Mile,
Ri-Bhoi, Meghalaya-793101

Powered by Koha